Parole che iniziano con la "D" - Statistics

Statistiche generali
  • Questo quiz è stato fatto 406 volte
  • Il punteggio medio è 10 su 15
Statistiche sulle risposte
INDIZIO RISPOSTA % Corretto
Dove scrivi i compiti per casa Diario
99%
In Italia hanno votato per la prima volta nel 1946 Donne
96%
Lo era Mussolini Dittatore
95%
Elefante dalle grandi orecchie Dumbo
89%
Quello tecnico è insegnato a scuola Disegno
84%
Acido desossiribonucleico DNA
78%
Sinonimo di casa Dimora
77%
Un tipo è la "Duster" Dacia
67%
Usato per la rappresentazione di dati matematici o fisici Diagramma
58%
Formato da due monosaccaridi Disaccaride
53%
Prima di estinguersi nel 1600 viveva nelle Mauritius Dodo
50%
Facilmente plasmabile e malleabile Duttile
48%
Otto Dix era un esponente di questo movimento artistico Dadaismo
44%
Gruppo che ha suonato "Smoke on the Water" Deep Purple
34%
Il suo nome scientifico è Dama dama Linnaeus Daino
24%
Nessun quiz corrispondente trovato
Distribuzione punteggi
Percentuale di utenti per punteggio
Percentile per numero di risposta
I tuoi punteggi nel tempo
Non hai fatto questo quiz